Die bevölkerungsreichsten Inseln - Statistiken

Allgemein
  • Dieses Quiz wurde 3.783 mal gespielt
  • Das Durchschnittsergebnis liegt bei 19 aus 100
Antwortstatistiken
Bevölkerung Insel % Korrekt
25.6 Mio. Madagaskar
79%
6.38 Mio. Irland
73%
11.2 Mio. Kuba
72%
21.2 Mio. Sri Lanka
68%
1.09 Mio. Zypern
66%
2.95 Mio. Jamaika
65%
386 Tsd. Malta
63%
64.1 Mio. Großbritannien
62%
23.5 Mio. Taiwan
61%
5.02 Mio. Sizilien
56%
862 Tsd. Mallorca
55%
141 Mio. Java
53%
1.66 Mio. Sardinien
51%
5.38 Mio. Hokkaidō
45%
21.3 Mio. Borneo
44%
623 Tsd. Kreta
44%
50.2 Mio. Sumatra
43%
104 Mio. Honshū
42%
1.27 Mio. Trinidad
39%
1.22 Mio. Mauritius
38%
3.68 Mio. Nordinsel
38%
1.12 Mio. Südinsel
37%
4.23 Mio. Bali
36%
21.1 Mio. Hispaniola
35%
11.8 Mio. Neuguinea
34%
5.61 Mio. Singapur
33%
907 Tsd. Teneriffa
30%
508 Tsd. Tasmanien
29%
839 Tsd. Gran Canaria
27%
1.10 Mio. Bahrain
26%
18.5 Mio. Sulawesi
24%
60.8 Mio. Luzon
23%
3.47 Mio. Puerto Rico
22%
13.2 Mio. Kyūshū
19%
502 Tsd. Neufundland
18%
3.18 Mio. Timor
18%
1.25 Mio. Hong Kong
16%
25.5 Mio. Mindanao
16%
1.30 Mio. Okinawa
16%
9.04 Mio. Hainan
15%
976 Tsd. Oʻahu
15%
2.29 Mio. Seeland
15%
1.62 Mio. Manhattan
13%
7.84 Mio. Long Island
12%
3.82 Mio. Shikoku
12%
838 Tsd. Réunion
11%
749 Tsd. Vancouver
11%
4.16 Mio. Cebu
10%
896 Tsd. Sansibar (Unguja)
10%
2.89 Mio. Zhongshan (Macau)
10%
622 Tsd. Jeju
8%
3.31 Mio. Lombok
8%
886 Tsd. Palawan
8%
472 Tsd. Sachalin
8%
1.83 Mio. Flores
7%
390 Tsd. Martinique
7%
4.41 Mio. Negros
7%
525 Tsd. Phuket
7%
475 Tsd. Staten Island
7%
4.31 Mio. Panay
6%
466 Tsd. Fünen
5%
1.33 Mio. Mindoro
5%
2.01 Mio. Île de Montréal
4%
1.75 Mio. Samar
4%
686 Tsd. Sumba
4%
1.21 Mio. Bohol
3%
2.39 Mio. Leyte
3%
707 Tsd. Masbate
3%
1.39 Mio. Sumbawa
3%
662 Tsd. Viti Levu
3%
961 Tsd. Bangka
2%
459 Tsd. Basilan
2%
1.15 Mio. Batam
2%
369 Tsd. Grande Comore
2%
450 Tsd. Halmahera
2%
3.62 Mio. Madura
2%
514 Tsd. Neubritannien
2%
860 Tsd. Penang
2%
15.1 Mio. Salsette
2%
434 Tsd. Seram
2%
2.04 Mio. Xiamen
2%
441 Tsd. Ambon
1%
1.76 Mio. Bhola Island
1%
447 Tsd. Buton
1%
763 Tsd. Cangshan
1%
615 Tsd. Chongming
1%
1.56 Mio. Haizhu
1%
423 Tsd. IJsselmonde
1%
429 Tsd. Île Jésus
1%
530 Tsd. Jolo
1%
468 Tsd. Mactan
1%
383 Tsd. Marajó
1%
490 Tsd. Margarita
1%
756 Tsd. Nias
1%
407 Tsd. Pemba
1%
400 Tsd. Sandwip
1%
420 Tsd. Santa Catarina
1%
1.38 Mio. São Luís
1%
760 Tsd. São Vicente
1%
503 Tsd. Zhoushan
1%
Keine übereinstimmenden Quizze gefunden
Verteilung der Resultate
Anzahl Personen mit jedem Resultat
Perzentil nach korrekt beantworteten Fragen
Ihre Resultats-Entwicklung
Sie haben dieses Quiz noch nicht gespielt